书目信息 |
| 题名: |
方纪文集
|
|
| 作者: | 方纪 著 | |
| 分册: | 一 | |
| 出版信息: | 天津 百花文艺出版社 1985 |
|
| 页数: | 356页 | |
| 开本: | 19cm | |
| 丛书名: | ||
| 单 册: | ||
| 中图分类: | I217.2 , I211 | |
| 科图分类: | ||
| 主题词: | 文学--作品集--中国 | |
| 电子资源: | ||
| ISBN: | ||
| 000 | 00663nam0 2200265 45 | |
| 001 | 0185004963 | |
| 005 | 20040414184205.8 | |
| 010 | @dCNY3.15 | |
| 091 | @a10151.846 | |
| 100 | @a19901106d1985 kemy0chiy0121 ea | |
| 101 | 0 | @achi |
| 102 | @aCN@b120000 | |
| 105 | @af z 000zy | |
| 106 | @ar | |
| 200 | 10 | @a方纪文集@Afang ji wen ji@h一@f方纪著 |
| 210 | @a天津@c百花文艺出版社@d1985 | |
| 215 | @a356页@c照片@d19cm | |
| 600 | 0 | @a方纪@x文集 |
| 606 | 0 | @a文学@x作品集@x中国 |
| 690 | @aI217.2@v3 | |
| 690 | @aI211 | |
| 701 | 0 | @a方纪@Afang ji@4著 |
| 801 | 0 | @aCN@b深圳图书馆@c20040414 |
| 801 | 2 | @aCN@bNLC@c20040414 |
| 905 | @f1@b253254@dI211@e311:1 | |
| 方纪文集.一/方纪著.-天津:百花文艺出版社,1985 |
| 356页:照片;19cm |
| ISBN :CNY3.15 |
| ● |
| 相关链接 |
|
|
|
|
正题名:方纪文集
索取号:I211/311:1
 
预约/预借
| 序号 | 登录号 | 条形码 | 馆藏地/架位号 | 状态 | 备注 |
| 1 | 0253254 | 000234507 | 第二借阅区/ [索取号:I211/311:1] | 在馆 | |
| 2 | 0253255 | 000234543 | 第一样本阅览室/ [索取号:I211/311:1] | 在馆 |